| 000 | 005120000a22001090004500 | ||
|---|---|---|---|
| 100 | 1 | _aValencia Rincón, Juan Carlos | |
| 245 | 1 | 0 | _aAlá entre la realeza británica |
| 300 | _aVol.0, núm.22 (Julio, 2007), Página 38 | ||
| 520 | _aEl compositor John Tavener estrenó su nueva obra sobre los 99 nombres de Alá, comisionada por el príncipe Carlos y estrenada en la catedral de Westminster en plena época de amenazas terroristas sobre Londres. | ||
| 773 | 0 | _tArcadia / Andrés Felipe Solano, Editor | |
| 942 | _cANA | ||
| 999 |
_c62283 _d62283 |
||